000 00864nam a22002057a 4500
003 OSt
005 20260418135122.0
008 260327b |||||||| |||| 00| 0 eng d
040 _c0
082 _aDPer 361.3095 As41 March-December v. 34 n. 1-4
100 _aLee, Yih-Jiunn.
_eauthor.
_970301
245 _aShould it be a hybrid ? ;
_banalysis of a Taiwanese child development account scheme /
_cYih-Jiunn Lee, Fen-Zhi Yao, and Hung-Sheng Lai.
260 _aOxfordshire, United Kingdom :
_bRoutledge Taylor & Francis Group ,
_cMarch 2024
300 _aVolume 34, pages 3-17 :
_billustration ;
_c25cm.
500 _aAsia Pacific Journal of Social Work & Development, vol. 34, no. 1, pages 3-17, March 2024
700 _aLee, Yih-Jiunn.
_eauthor.
_970301
700 _aYao, Fen-Zhi.
_eauthor.
_970302
700 _aLai, Hung-Sheng.
_eauthor.
_970303
942 _2ddc
_cPER
999 _c24527
_d24527